Obchodná výmena EÚ s krajinami Stredomoria (EUROMED) bakalárska práca

Uložené v:
Podrobná bibliografia
Hlavný autor: Adamcová, Barbora
Korporativný autor: Obchodná fakulta EU. Katedra medzinárodného obchodu
Ďalší autori: Silná, Zuzana
Médium: Kniha
Jazyk:Slovak
Vydavateľské údaje: Bratislava 2009
Tagy: Pridať tag
Žiadne tagy, Buďte prvý, kto otaguje tento záznam!

MARC

LEADER 00000nam$a2200000$$$4500
001 0103118
005 20240318133738.4
041 0 |a slo 
044 |a SK 
245 1 0 |a Obchodná výmena EÚ s krajinami Stredomoria (EUROMED)  |b bakalárska práca  |c Barbora Adamcová ; škol. Zuzana Silná 
264 1 |a Bratislava  |c 2009 
300 |a 64 s. 
100 1 |a Adamcová, Barbora 
700 1 |a Silná, Zuzana 
710 2 |a Obchodná fakulta EU. Katedra medzinárodného obchodu